| 000 | 00494nam a2200169Ia 4500 | ||
|---|---|---|---|
| 003 | SGT | ||
| 020 | _a8185825114 | ||
| 082 |
_a624 _bKAN |
||
| 100 | _aKanetkar,T.P. | ||
| 245 | _aSurveying and levelling | ||
| 260 |
_bPune Vidyarthi Griha Prakashan _aPune _c2010 |
||
| 300 | _a794p. | ||
| 650 | _aCIVIL ENGINEERING | ||
| 653 | _aMEASUREMENT OF DISTANCE, CHAIN SURVEYING, COMPASS AND CHAIN TRAVERSING, THEODOLITE TRAVERSING, PLANE TABLE SURVEYING | ||
| 700 | _aKulkarni,S.V | ||
| 942 |
_2ddc _cBK |
||
| 999 |
_c5293 _d5293 |
||